000 00274nam a2200097Ia 4500
082 _a320.968 STAT
245 0 _aState of the nation : South Africa 2008
100 _a Kagwanja, Mwangi Cape Town, 2009
_920420
942 _cBK
008 210817s9999 xx 000 0 und d
999 _c88047
_d88046